| 000 | 00459nam a2200205Ia 4500 | ||
|---|---|---|---|
| 003 | 0100 | ||
| 008 | 130307s9999 xx 000 0 und d | ||
| 020 | _a0063825953 | ||
| 040 | _cARRUPELIB | ||
| 050 | _aBL74.E18 1975 | ||
| 100 | _aEastman, Roger (comp.) | ||
| 245 | 4 | _aThe Ways of Religion | |
| 260 | _aSan Francisco | ||
| 260 | _bCanfield Press | ||
| 260 | _c1975 | ||
| 300 | _aviii | ||
| 300 | _b597p. 24cm. | ||
| 650 | _aRELIGION | ||
| 942 | 0 | 0 | _02 |
| 999 |
_c96510 _d96510 |
||